000 01247cam a22003497a 4500
003 CHAP
005 20220329140351.0
008 971013c19701965 r 00010 d
010 _a50980
011 _a51952
035 _a56102
040 _cCHAP
082 _a627.52
_bP6Y
100 0 0 _aPoirée, Maurice.
_990178
245 1 3 _aEl regadío
_b: redes, teoría, técnica y economía de los riegos
_c/por Maurice Poirée y Charles Ollier
250 _a2 ed.
260 _aBarcelona :
_bEditores Técnicos Asociados,
_c1965
300 _a362 p.
_b: ilus.
500 _ac.3 idéntica editada por Instituto Cubano del Libro
500 _aTrad. de : Irrigation
590 _aBATCH-UPD
_b10
_c20130110
_lUCH01
_h0541
590 _aBATCH-UPD
_b10
_c20130410
_lUCH01
_h0222
590 _aBATCH-UPD
_b10
_c20130914
_lUCH01
_h1655
590 _aCONVERSION
_b10
_c20130109
_lUCH01
_h1328
650 1 4 _aIrrigación.
_960366
700 0 _aOllier, Charles.
_983156
901 _aBK
942 _cLIBRO
949 _a627.52 P6Y
_bBC
_cLIBRO
_d33724000022356
_eLIBRO
_fc.3
_h61362
_i56102
_si
_t605.00
949 _a627.52 P6Y
_bBC
_cLIBRO
_d33724000903951
_eLIBRO
_h14686
_i56102
_si
_t605.00
949 _a627.52 P6Y
_bBC
_cLIBRO
_d561022
_eLIBRO
_fc.2
_h14848
_i56102
_si
_t605.00
999 _c50980
_d50980